[Event "22nd Abu Dhabi Int. Chess Festival  Masters Tourna"]
[Site "Abu Dhabi"]
[Date "2015.08.29"]
[Round "7"]
[Board "5"]
[White "Kulaots, Kaido"]
[Black "Jobava, Baadur"]
[Result "0-1"]
[WhiteElo "2573"]
[BlackElo "2664"]
[PlyCount "0"]
[EventDate "2015.08.23"]
[EventRounds "9"]
[EventCountry "UAE"]

1. e4 {[%clk 1:30:55]} c5 {[%clk 1:30:29]} 2. Nf3 {[%clk 1:31:11]} d6
{[%clk 1:30:48]} 3. d4 {[%clk 1:31:28]} cxd4 {[%clk 1:31:11]} 4. Nxd4
{[%clk 1:31:55]} Nf6 {[%clk 1:31:35]} 5. Nc3 {[%clk 1:32:21]} Bd7
{[%clk 1:31:47]} 6. Be2 {[%clk 1:26:44]} Bc6 {[%clk 1:31:00]} 7. Nxc6
{[%clk 1:25:33]} bxc6 {[%clk 1:31:15]} 8. O-O {[%clk 1:21:00]} Nbd7
{[%clk 1:31:07]} 9. Be3 {[%clk 1:16:17]} g6 {[%clk 1:30:23]} 10. Qd3
{[%clk 1:04:32]} Bg7 {[%clk 1:27:51]} 11. f4 {[%clk 1:02:39]} O-O
{[%clk 1:28:08]} 12. Qa6 {[%clk 0:57:46]} Qc7 {[%clk 1:22:36]} 13. Rad1
{[%clk 0:55:23]} Rfd8 {[%clk 1:18:44]} 14. Bf3 {[%clk 0:53:49]} e5
{[%clk 1:18:28]} 15. g3 {[%clk 0:50:02]} Bh6 {[%clk 1:10:43]} 16. Kh1
{[%clk 0:47:57]} Kg7 {[%clk 1:06:54]} 17. Bg2 {[%clk 0:31:08]} Kg8
{[%clk 1:05:09]} 18. Qc4 {[%clk 0:26:18]} Rac8 {[%clk 0:59:47]} 19. Qa6
{[%clk 0:16:39]} Qb8 {[%clk 0:56:13]} 20. Qa3 {[%clk 0:14:47]} Nb6
{[%clk 0:55:55]} 21. Qb3 {[%clk 0:14:29]} Nfd7 {[%clk 0:52:37]} 22. Bh3
{[%clk 0:13:22]} exf4 {[%clk 0:48:01]} 23. gxf4 {[%clk 0:13:03]} Bf8
{[%clk 0:42:16]} 24. a4 {[%clk 0:08:18]} Rc7 {[%clk 0:38:23]} 25. a5
{[%clk 0:08:01]} Nc8 {[%clk 0:38:49]} 26. Qc4 {[%clk 0:07:35]} Bg7
{[%clk 0:37:50]} 27. Rd3 {[%clk 0:05:16]} Qb7 {[%clk 0:33:49]} 28. Kg1
{[%clk 0:05:30]} a6 {[%clk 0:31:13]} 29. Rfd1 {[%clk 0:05:39]} Re8
{[%clk 0:31:09]} 30. Bg2 {[%clk 0:02:26]} g5 {[%clk 0:28:05]} 31. Bh3
{[%clk 0:02:22]} gxf4 {[%clk 0:28:09]} 32. Bxd7 {[%clk 0:02:36]} Rxd7
{[%clk 0:28:34]} 33. Bxf4 {[%clk 0:03:01]} Re6 {[%clk 0:28:25]} 34. Rg3
{[%clk 0:03:15]} Ne7 {[%clk 0:28:40]} 35. Be3 {[%clk 0:02:43]} Ng6
{[%clk 0:24:36]} 36. Bd4 {[%clk 0:03:06]} Bxd4+ {[%clk 0:10:04]} 37. Qxd4
{[%clk 0:03:31]} Kf8 {[%clk 0:09:26]} 38. b3 {[%clk 0:03:25]} Re5
{[%clk 0:07:42]} 39. b4 {[%clk 0:02:53]} Ke7 {[%clk 0:06:47]} 40. Qc4
{[%clk 0:02:10]} Re6 {[%clk 0:05:40]} 41. Kh1 {[%clk 0:02:09]} Ne5
{[%clk 0:05:44]} 42. Qd4 {[%clk 0:02:30]} Qb8 {[%clk 0:04:34]} 43. Na4
{[%clk 0:02:19]} Qb5 {[%clk 0:03:48]} 44. Nb6 {[%clk 0:02:34]} Rd8
{[%clk 0:03:44]} 45. c3 {[%clk 0:02:26]} Qe2 {[%clk 0:03:30]} 46. Rg2
{[%clk 0:00:38]} Qf3 {[%clk 0:03:37]} 47. Rdg1 {[%clk 0:00:34]} Nd3
{[%clk 0:02:14]} 48. Nc4 {[%clk 0:00:36]} Rxe4 {[%clk 0:02:22]} 0-1

[Event "22nd Abu Dhabi Int. Chess Festival  Masters Tourna"]
[Site "Abu Dhabi"]
[Date "2015.08.29"]
[Round "7"]
[Board "14"]
[White "Salem, A.R. Saleh"]
[Black "Harika, Dronavalli"]
[Result "1/2-1/2"]
[WhiteElo "2595"]
[BlackElo "2509"]
[PlyCount "0"]
[EventDate "2015.08.23"]
[EventRounds "9"]
[EventCountry "UAE"]

1. d4 Nf6 2. c4 e6 3. Nf3 d5 4. Nc3 Be7 5. Bf4 O-O 6. e3 Nbd7 7. c5 Ne4 8. Nxe4
dxe4 9. Ne5 Nxe5 10. Bxe5 Bd7 11. Bc4 Bf6 12. Bg3 Bc6 13. O-O Bh4 14. Qh5 Bxg3
15. fxg3 Bd5 16. Bxd5 Qxd5 17. Qxd5 exd5 18. g4 f6 19. b4 a6 20. a4 Kf7 21. Kf2
Ke6 22. Kg3 Rf7 23. Rf2 Rh8 24. Raf1 h6 25. h3 g6 26. h4 Rhh7 27. b5 a5 28. c6 b6
29. Rf4 Ke5 1/2-1/2

[Event "22nd Abu Dhabi Int. Chess Festival  Masters Tourna"]
[Site "Abu Dhabi"]
[Date "2015.08.29"]
[Round "7"]
[Board "36"]
[White "Anand, Nadar"]
[Black "Gevorgyan, David Sh."]
[Result "1-0"]
[WhiteElo "2025"]
[BlackElo "2374"]
[PlyCount "0"]
[EventDate "2015.08.23"]
[EventRounds "9"]
[EventCountry "UAE"]

1. d4 {[%clk 1:30:58]} Nf6 {[%clk 1:23:31]} 2. c4 {[%clk 1:30:26]} e6
{[%clk 1:23:32]} 3. Nc3 {[%clk 1:30:42]} Bb4 {[%clk 1:23:55]} 4. e3
{[%clk 1:30:16]} b6 {[%clk 1:24:02]} 5. Nge2 {[%clk 1:29:23]} O-O
{[%clk 1:21:16]} 6. a3 {[%clk 1:29:02]} Be7 {[%clk 1:21:11]} 7. Ng3
{[%clk 1:27:07]} d5 {[%clk 1:17:06]} 8. cxd5 {[%clk 1:22:03]} exd5
{[%clk 1:17:19]} 9. Bd3 {[%clk 1:19:56]} Re8 {[%clk 1:17:47]} 10. O-O
{[%clk 1:13:00]} Nbd7 {[%clk 1:17:44]} 11. b4 {[%clk 0:58:44]} Bb7
{[%clk 1:11:01]} 12. Qb3 {[%clk 0:54:30]} c6 {[%clk 1:09:28]} 13. Bb2
{[%clk 0:50:01]} g6 {[%clk 1:09:06]} 14. Rfe1 {[%clk 0:47:35]} Bf8
{[%clk 1:05:52]} 15. e4 {[%clk 0:40:34]} dxe4 {[%clk 1:01:04]} 16. Bc4
{[%clk 0:38:27]} Re7 {[%clk 0:58:43]} 17. Ncxe4 {[%clk 0:27:42]} Qe8
{[%clk 0:39:19]} 18. d5 {[%clk 0:11:30]} cxd5 {[%clk 0:16:07]} 19. Bxf6
{[%clk 0:10:38]} dxc4 {[%clk 0:11:54]} 20. Qxc4 {[%clk 0:10:09]} Rc8
{[%clk 0:02:23]} 21. Qd4 {[%clk 0:09:08]} Re6 {[%clk 0:01:56]} 22. Rad1
{[%clk 0:09:25]} Bc6 {[%clk 0:01:17]} 23. f3 {[%clk 0:06:18]} Ba4
{[%clk 0:01:23]} 24. Rd3 {[%clk 0:02:56]} Bh6 {[%clk 0:00:47]} 25. h4
{[%clk 0:01:04]} Kf8 {[%clk 0:00:40]} 26. Kh2 {[%clk 0:01:10]} Nxf6
{[%clk 0:00:38]} 27. Nxf6 {[%clk 0:01:32]} Qe7 {[%clk 0:00:39]} 28. Rxe6
{[%clk 0:01:26]} fxe6 {[%clk 0:00:41]} 29. Nge4 {[%clk 0:00:58]} Bb5
{[%clk 0:00:34]} 30. Rc3 {[%clk 0:00:44]} Rxc3 {[%clk 0:00:34]} 31. Qxc3
{[%clk 0:01:05]} Kf7 {[%clk 0:00:32]} 32. Qc8 {[%clk 0:01:04]} Bf8
{[%clk 0:00:45]} 33. g3 {[%clk 0:00:53]} h6 {[%clk 0:01:09]} 34. Ng4
{[%clk 0:00:51]} Bg7 {[%clk 0:01:17]} 35. Qb8 {[%clk 0:01:09]} Bf8
{[%clk 0:00:40]} 36. Nxh6+ {[%clk 0:01:09]} Bxh6 {[%clk 0:00:37]} 37. Nd6+
{[%clk 0:01:38]} Kf6 {[%clk 0:00:39]} 38. Nxb5 {[%clk 0:01:39]} Qd7
{[%clk 0:00:54]} 39. Nd6 {[%clk 0:02:03]} Kg7 {[%clk 0:00:33]} 40. Ne4
{[%clk 0:02:03]} Kf7 {[%clk 0:00:33]} 41. Qe5 {[%clk 0:01:52]} Qe7
{[%clk 0:00:33]} 42. Qh8 {[%clk 0:01:25]} Bg7 {[%clk 0:00:35]} 43. Ng5+
{[%clk 0:01:34]} Kf6 {[%clk 0:01:00]} 44. Qc8 {[%clk 0:01:24]} Bh6
{[%clk 0:00:34]} 45. Qc3+ {[%clk 0:01:36]} e5 {[%clk 0:00:36]} 46. Qc6+
{[%clk 0:01:59]} Kg7 {[%clk 0:00:43]} 47. Ne4 {[%clk 0:02:02]} Be3
{[%clk 0:00:51]} 48. b5 {[%clk 0:01:21]} Bd4 {[%clk 0:00:34]} 49. a4
{[%clk 0:01:30]} Qf7 {[%clk 0:00:32]} 50. Ng5 {[%clk 0:01:33]} Qe7
{[%clk 0:00:37]} 51. Qe6 {[%clk 0:01:15]} Qc7 {[%clk 0:00:38]} 52. Qc6
{[%clk 0:01:23]} Qe7 {[%clk 0:00:46]} 53. Ne6+ {[%clk 0:01:16]} Kh6
{[%clk 0:00:33]} 54. Qc8 {[%clk 0:01:07]} Kh7 {[%clk 0:00:32]} 55. Ng5+
{[%clk 0:01:15]} Kg7 {[%clk 0:00:52]} 56. Qc7 {[%clk 0:01:22]} Qxc7
{[%clk 0:00:39]} 57. Ne6+ {[%clk 0:01:51]} Kf6 {[%clk 0:00:40]} 58. Nxc7
{[%clk 0:02:19]} Ke7 {[%clk 0:00:43]} 59. Nd5+ {[%clk 0:02:42]} Kd6
{[%clk 0:01:02]} 60. Nb4 Kc5 {[%clk 0:00:47]} 61. Nc6 {[%clk 0:02:59]} a5
{[%clk 0:00:56]} 62. g4 {[%clk 0:02:15]} Be3 {[%clk 0:00:31]} 63. Kg2
{[%clk 0:01:11]} Kd6 {[%clk 0:00:41]} 64. Kf1 {[%clk 0:01:22]} Ke6
{[%clk 0:00:37]} 65. Ke2 {[%clk 0:01:42]} Bc5 {[%clk 0:00:55]} 66. Kd3
{[%clk 0:01:50]} Kd5 {[%clk 0:00:37]} 67. h5 {[%clk 0:02:06]} gxh5
{[%clk 0:01:03]} 68. gxh5 {[%clk 0:02:35]} Bf8 {[%clk 0:01:15]} 69. Nd8
{[%clk 0:02:30]} Be7 {[%clk 0:00:39]} 70. Nf7 {[%clk 0:02:28]} Bf6
{[%clk 0:00:31]} 71. Nh6 {[%clk 0:02:36]} Bh8 {[%clk 0:00:39]} 72. Ng4
{[%clk 0:02:14]} Kc5 {[%clk 0:00:49]} 73. Ne3 {[%clk 0:01:56]} Kb4
{[%clk 0:00:46]} 74. Nd5+ {[%clk 0:02:16]} Kxa4 {[%clk 0:00:44]} 75. Kc4
{[%clk 0:02:41]} Ka3 {[%clk 0:00:36]} 76. Nxb6 {[%clk 0:02:54]} Bg7
{[%clk 0:00:47]} 77. Nd7 {[%clk 0:03:12]} a4 {[%clk 0:01:04]} 78. b6
{[%clk 0:03:36]} e4 {[%clk 0:01:14]} 79. fxe4 {[%clk 0:03:56]} Ka2
{[%c

[Event "22nd Abu Dhabi Int. Chess Festival  Masters Tourna"]
[Site "Abu Dhabi"]
[Date "2015.08.29"]
[Round "7"]
[Board "41"]
[White "Nuber, Blasius"]
[Black "Ahmad, Al Khatib"]
[Result "1-0"]
[WhiteElo "2339"]
[BlackElo "2138"]
[PlyCount "0"]
[EventDate "2015.08.23"]
[EventRounds "9"]
[EventCountry "UAE"]

1. e4 {[%clk 1:30:58]} c5 {[%clk 1:30:37]} 2. b3 {[%clk 1:30:58]} Nf6
{[%clk 1:30:11]} 3. e5 {[%clk 1:31:13]} Nd5 {[%clk 1:30:31]} 4. Bb2
{[%clk 1:31:15]} g6 {[%clk 1:30:27]} 5. Bc4 {[%clk 1:23:41]} Nb6 {[%clk 1:28:52]}
6. h4 {[%clk 1:19:19]} Nxc4 {[%clk 1:19:38]} 7. bxc4 {[%clk 1:19:44]} h5
{[%clk 1:11:41]} 8. Qf3 {[%clk 1:09:36]} Qb6 {[%clk 1:05:52]} 9. Bc3
{[%clk 1:03:07]} Bg7 {[%clk 1:05:22]} 10. Ne2 {[%clk 1:01:52]} O-O
{[%clk 1:04:01]} 11. Nf4 {[%clk 0:57:17]} Nc6 {[%clk 0:56:16]} 12. Nd5
{[%clk 0:55:42]} Nxe5 {[%clk 0:53:23]} 13. Qf4 {[%clk 0:34:19]} Qd6
{[%clk 0:45:20]} 14. O-O {[%clk 0:33:47]} b5 {[%clk 0:26:26]} 15. Re1
{[%clk 0:21:44]} Nxc4 {[%clk 0:26:06]} 16. Nxe7+ {[%clk 0:20:22]} Kh7
{[%clk 0:25:28]} 17. Qf3 {[%clk 0:17:49]} Rb8 {[%clk 0:23:28]} 18. Bxg7
{[%clk 0:12:45]} Kxg7 {[%clk 0:23:25]} 19. a4 {[%clk 0:12:17]} b4
{[%clk 0:18:28]} 20. d3 {[%clk 0:07:00]} Bb7 {[%clk 0:16:38]} 21. Qh3
{[%clk 0:06:51]} Rbe8 {[%clk 0:12:25]} 22. dxc4 {[%clk 0:06:35]} Rxe7
{[%clk 0:12:50]} 23. Rxe7 {[%clk 0:07:02]} Qxe7 {[%clk 0:13:07]} 24. Nd2
{[%clk 0:07:28]} d5 {[%clk 0:11:12]} 25. Qg3 {[%clk 0:07:05]} Re8
{[%clk 0:10:21]} 26. Rc1 {[%clk 0:05:46]} Qe5 {[%clk 0:08:53]} 27. Qd3
{[%clk 0:04:25]} dxc4 {[%clk 0:07:21]} 28. Nxc4 {[%clk 0:04:48]} Qd5
{[%clk 0:06:37]} 29. Qxd5 {[%clk 0:04:34]} Bxd5 {[%clk 0:07:05]} 30. Ne3
{[%clk 0:04:57]} Bc6 {[%clk 0:06:50]} 31. a5 {[%clk 0:04:42]} Bb5
{[%clk 0:06:43]} 32. Rd1 {[%clk 0:04:55]} c4 {[%clk 0:04:20]} 33. Rb1
{[%clk 0:05:06]} b3 {[%clk 0:03:24]} 34. cxb3 {[%clk 0:05:31]} cxb3
{[%clk 0:03:46]} 35. Rxb3 {[%clk 0:05:53]} a6 {[%clk 0:04:12]} 36. Ra3
{[%clk 0:03:53]} Re4 {[%clk 0:02:42]} 37. g3 {[%clk 0:04:19]} Rb4
{[%clk 0:02:26]} 38. Ra1 {[%clk 0:04:12]} f5 {[%clk 0:02:28]} 39. Nd5
{[%clk 0:04:09]} Rd4 {[%clk 0:02:18]} 40. Nf4 {[%clk 0:04:32]} Kf6
{[%clk 0:01:16]} 41. Kh2 {[%clk 0:02:45]} Ra4 {[%clk 0:01:01]} 42. Rxa4
{[%clk 0:01:27]} Bxa4 {[%clk 0:01:30]} 43. Nd5+ {[%clk 0:01:35]} Ke5
{[%clk 0:01:14]} 44. Nc7 {[%clk 0:01:51]} Kd4 {[%clk 0:00:34]} 45. Nxa6
{[%clk 0:02:15]} Bc6 {[%clk 0:00:37]} 46. Nb8 {[%clk 0:01:43]} Ba8
{[%clk 0:00:57]} 47. a6 {[%clk 0:01:41]} Kd5 {[%clk 0:00:38]} 48. Nd7
{[%clk 0:01:19]} Kc6 {[%clk 0:00:54]} 49. Ne5+ {[%clk 0:01:34]} Kb6
{[%clk 0:01:20]} 50. Nxg6 {[%clk 0:01:56]} Kxa6 {[%clk 0:01:40]} 51. Nf4
{[%clk 0:01:32]} Bf3 {[%clk 0:01:27]} 52. Ne6 {[%clk 0:01:41]} Kb6
{[%clk 0:01:05]} 53. Ng7 {[%clk 0:01:19]} Kc5 {[%clk 0:00:47]} 54. Nxf5
{[%clk 0:01:29]} Kc4 {[%clk 0:00:43]} 55. g4 {[%clk 0:00:50]} hxg4
{[%clk 0:00:32]} 56. Kg3 {[%clk 0:00:57]} Kd5 {[%clk 0:00:45]} 57. Kf4
{[%clk 0:01:14]} Be2 {[%clk 0:00:46]} 58. h5 {[%clk 0:00:39]} g3 {[%clk 0:01:05]}
59. Nxg3 {[%clk 0:01:04]} Bd3 {[%clk 0:01:32]} 60. Nf5 {[%clk 0:00:56]} Ke6
{[%clk 0:01:56]} 61. Ne3 {[%clk 0:01:23]} Kf6 {[%clk 0:02:02]} 62. Ng4+
{[%clk 0:01:49]} Kg7 {[%clk 0:02:24]} 63. Kg5 {[%clk 0:02:15]} Bb1
{[%clk 0:02:27]} 64. f4 {[%clk 0:02:41]} Bc2 {[%clk 0:02:46]} 65. Ne5
{[%clk 0:01:57]} Bb1 {[%clk 0:02:22]} 66. f5 {[%clk 0:01:44]} Ba2
{[%clk 0:01:12]} 67. Nd7 {[%clk 0:01:03]} Bb3 {[%clk 0:01:11]} 68. Nc5
{[%clk 0:01:28]} Ba2 {[%clk 0:01:34]} 69. Ne6+ {[%clk 0:01:24]} Kh7
{[%clk 0:01:23]} 70. Nf8+ {[%clk 0:00:50]} Kg7 {[%clk 0:01:31]} 71. Ne6+
{[%clk 0:01:17]} Kh7 {[%clk 0:01:53]} 72. h6 {[%clk 0:01:20]} Bb3
{[%clk 0:01:29]} 73. Nf8+ {[%clk 0:01:10]} Kg8 {[%clk 0:01:19]} 74. Ng6
{[%clk 0:00:48]} Ba2 {[%clk 0:01:04]} 75. Kf4 {[%clk 0:00:46]} Kh7
{[%clk 0:01:23]} 76. Kg5 {[%clk 0:01:13]} Bb1 {[%clk 0:00:46]} 77. Nf8+
{[%clk 0:01:12]} Kg8 {[%clk 0:01:14]} 78. Ne6 {[%clk 0:00:45]} Ba2
{[%clk 0:00:49]} 79. Kg6 {[%clk 0:00:55]

[Event "22nd Abu Dhabi Int. Chess Festival  Masters Tourna"]
[Site "Abu Dhabi"]
[Date "2015.08.29"]
[Round "7"]
[Board "42"]
[White "Kryvoruchko, Vita"]
[Black "Kowsarinia, Amir"]
[Result "1-0"]
[WhiteElo "2210"]
[BlackElo "2332"]
[PlyCount "0"]
[EventDate "2015.08.23"]
[EventRounds "9"]
[EventCountry "UAE"]

1. e4 {[%clk 1:31:00]} c5 {[%clk 1:30:45]} 2. Nf3 {[%clk 1:31:25]} e6
{[%clk 1:30:57]} 3. d4 {[%clk 1:31:50]} cxd4 {[%clk 1:31:21]} 4. Nxd4
{[%clk 1:32:16]} a6 {[%clk 1:31:43]} 5. c4 {[%clk 1:32:42]} Nf6 {[%clk 1:31:19]}
6. Nc3 {[%clk 1:32:37]} Qc7 {[%clk 1:31:42]} 7. a3 {[%clk 1:33:32]} b6
{[%clk 1:32:06]} 8. Be3 {[%clk 1:33:58]} Bb7 {[%clk 1:32:30]} 9. f3
{[%clk 1:34:25]} Be7 {[%clk 1:32:30]} 10. Rc1 {[%clk 1:34:43]} O-O
{[%clk 1:32:35]} 11. Be2 {[%clk 1:34:57]} Re8 {[%clk 1:21:24]} 12. b4
{[%clk 1:33:52]} Nc6 {[%clk 1:08:32]} 13. Nb3 {[%clk 1:31:20]} Rab8
{[%clk 1:01:06]} 14. O-O {[%clk 1:30:33]} d6 {[%clk 0:58:19]} 15. Nd5
{[%clk 1:26:18]} exd5 {[%clk 0:58:27]} 16. cxd5 {[%clk 1:26:46]} Qd7
{[%clk 0:58:37]} 17. dxc6 {[%clk 1:27:06]} Bxc6 {[%clk 0:59:02]} 18. Bxa6
{[%clk 1:18:54]} Bd8 {[%clk 0:48:42]} 19. Bf4 {[%clk 1:08:06]} Ba4
{[%clk 0:31:54]} 20. Be2 {[%clk 1:01:28]} b5 {[%clk 0:21:53]} 21. Qd3
{[%clk 0:56:41]} Bb6+ {[%clk 0:21:47]} 22. Kh1 {[%clk 0:55:55]} Nh5
{[%clk 0:15:39]} 23. Be3 {[%clk 0:51:59]} Bxe3 {[%clk 0:10:21]} 24. Qxe3
{[%clk 0:52:27]} Bxb3 {[%clk 0:10:44]} 25. Qxb3 {[%clk 0:52:51]} g5
{[%clk 0:09:12]} 26. Rfd1 {[%clk 0:52:44]} Re6 {[%clk 0:08:51]} 27. Qe3
{[%clk 0:50:32]} Rg6 {[%clk 0:07:03]} 28. Bf1 {[%clk 0:46:08]} g4
{[%clk 0:04:24]} 29. Rc5 {[%clk 0:41:52]} Ng7 {[%clk 0:02:48]} 30. Rcd5
{[%clk 0:41:37]} gxf3 {[%clk 0:02:51]} 31. Qxf3 {[%clk 0:42:00]} Ne8
{[%clk 0:01:35]} 32. e5 {[%clk 0:42:05]} Rb6 {[%clk 0:01:00]} 33. Bd3
{[%clk 0:40:45]} Rh6 {[%clk 0:00:43]} 34. Qe3 {[%clk 0:40:38]} Qg4
{[%clk 0:00:42]} 35. Bxh7+ {[%clk 0:39:32]} Kxh7 {[%clk 0:00:45]} 36. Qxb6
{[%clk 0:39:55]} dxe5 {[%clk 0:00:57]} 37. Qf2 {[%clk 0:33:01]} Nf6
{[%clk 0:01:11]} 38. Rd6 {[%clk 0:31:04]} Kg7 {[%clk 0:01:13]} 39. Rf1
{[%clk 0:29:52]} Qh5 {[%clk 0:00:40]} 40. Qxf6+ {[%clk 0:23:43]} Rxf6
{[%clk 0:01:02]} 41. Rdxf6 {[%clk 0:24:11]} Qe2 {[%clk 0:00:53]} 42. Rxf7+
{[%clk 0:24:35]} Kg6 {[%clk 0:00:59]} 43. R7f3 {[%clk 0:20:43]} e4
{[%clk 0:01:19]} 44. Rg3+ {[%clk 0:21:12]} Kh7 {[%clk 0:01:38]} 45. Rf7+
{[%clk 0:21:22]} Kh6 {[%clk 0:01:55]} 46. Rf6+ {[%clk 0:20:36]} Kh7
{[%clk 0:02:12]} 47. h3 {[%clk 0:20:47]} Qd2 {[%clk 0:01:00]} 48. Kh2
{[%clk 0:20:30]} Qc1 {[%clk 0:00:56]} 49. Rf5 {[%clk 0:19:12]} Kh6
{[%clk 0:01:06]} 50. Rxb5 {[%clk 0:19:20]} Qf4 {[%clk 0:00:39]} 51. Rbg5
{[%clk 0:19:13]} Qc7 {[%clk 0:00:35]} 52. R5g4 {[%clk 0:19:29]} Qe7
{[%clk 0:00:56]} 53. Rg6+ {[%clk 0:19:16]} Kh5 {[%clk 0:01:21]} 54. R3g5+
{[%clk 0:19:32]} 1-0

[Event "22nd Abu Dhabi Int. Chess Festival  Masters Tourna"]
[Site "Abu Dhabi"]
[Date "2015.08.29"]
[Round "7"]
[Board "46"]
[White "Mohammed, Zozek Salah Mohammed"]
[Black "Mokal, Amruta Sunil"]
[Result "1-0"]
[WhiteElo "2225"]
[BlackElo "2123"]
[PlyCount "0"]
[EventDate "2015.08.23"]
[EventRounds "9"]
[EventCountry "UAE"]

1. d4 {[%clk 1:30:58]} Nf6 {[%clk 1:30:36]} 2. c4 {[%clk 1:31:23]} e6
{[%clk 1:31:03]} 3. Nc3 {[%clk 1:31:49]} Bb4 {[%clk 1:31:29]} 4. e3
{[%clk 1:32:15]} O-O {[%clk 1:31:31]} 5. Nge2 {[%clk 1:32:41]} d5
{[%clk 1:31:48]} 6. a3 {[%clk 1:33:06]} Be7 {[%clk 1:31:31]} 7. cxd5
{[%clk 1:33:25]} exd5 {[%clk 1:31:56]} 8. Nf4 {[%clk 1:33:40]} c6
{[%clk 1:29:12]} 9. Bd3 {[%clk 1:33:11]} b6 {[%clk 1:23:50]} 10. O-O
{[%clk 1:32:52]} Ba6 {[%clk 1:19:55]} 11. Bxa6 {[%clk 1:30:02]} Nxa6
{[%clk 1:20:22]} 12. Qa4 {[%clk 1:30:19]} Qc8 {[%clk 1:12:22]} 13. b4
{[%clk 1:28:05]} Bd6 {[%clk 1:03:55]} 14. Nd3 {[%clk 1:13:22]} c5
{[%clk 0:48:15]} 15. Bb2 {[%clk 1:06:59]} c4 {[%clk 0:39:08]} 16. Ne5
{[%clk 1:05:53]} Nc7 {[%clk 0:37:10]} 17. f4 {[%clk 0:58:05]} Qe8
{[%clk 0:23:08]} 18. Qd1 {[%clk 0:43:31]} b5 {[%clk 0:20:00]} 19. Qf3
{[%clk 0:34:27]} a5 {[%clk 0:13:33]} 20. bxa5 {[%clk 0:32:38]} Rxa5
{[%clk 0:13:30]} 21. g4 {[%clk 0:29:54]} Qa8 {[%clk 0:08:58]} 22. g5
{[%clk 0:08:42]} Ne4 {[%clk 0:07:55]} 23. Nxe4 {[%clk 0:08:06]} dxe4
{[%clk 0:08:06]} 24. Qg2 {[%clk 0:08:19]} f5 {[%clk 0:02:16]} 25. gxf6
{[%clk 0:07:02]} Rxf6 {[%clk 0:02:45]} 26. Kh1 {[%clk 0:06:06]} Nd5
{[%clk 0:00:33]} 27. Rg1 {[%clk 0:04:32]} Bf8 {[%clk 0:00:55]} 28. Rae1
{[%clk 0:00:32]} c3 {[%clk 0:00:33]} 29. Bc1 {[%clk 0:01:01]} Ne7
{[%clk 0:00:48]} 30. Ng4 {[%clk 0:00:35]} Rg6 {[%clk 0:01:05]} 31. Qc2
{[%clk 0:00:38]} Qc8 {[%clk 0:00:53]} 32. Ne5 {[%clk 0:00:34]} Rh6
{[%clk 0:00:33]} 33. Qxe4 {[%clk 0:00:32]} Qh3 {[%clk 0:00:46]} 34. Rg2
{[%clk 0:00:39]} Qf5 {[%clk 0:00:53]} 35. Qf3 {[%clk 0:00:47]} Rh3
{[%clk 0:00:37]} 36. Qb7 {[%clk 0:00:44]} Qc8 {[%clk 0:00:32]} 37. Qb6
{[%clk 0:01:13]} Qa6 {[%clk 0:00:47]} 38. Qc7 {[%clk 0:01:08]} Qa7
{[%clk 0:00:37]} 39. Qxc3 {[%clk 0:01:04]} Nd5 {[%clk 0:00:56]} 40. Qc8
{[%clk 0:01:02]} Rh4 {[%clk 0:00:50]} 41. Qe6+ {[%clk 0:01:11]} Kh8
{[%clk 0:00:45]} 42. Nf7+ {[%clk 0:01:28]} 1-0

[Event "22nd Abu Dhabi Int. Chess Festival  Masters Tourna"]
[Site "Abu Dhabi"]
[Date "2015.08.30"]
[Round "8"]
[Board "5"]
[White "Ghaem Maghami, Ehsan"]
[Black "Rapport, Richard"]
[Result "0-1"]
[WhiteElo "2609"]
[BlackElo "2671"]
[PlyCount "0"]
[EventDate "2015.08.23"]
[EventRounds "9"]
[EventCountry "UAE"]

1. d4 {[%clk 1:22:43]} d5 {[%clk 1:27:56]} 2. Nf3 {[%clk 1:22:52]} Nf6
{[%clk 1:27:14]} 3. c4 {[%clk 1:22:53]} e6 {[%clk 1:27:40]} 4. e3
{[%clk 1:21:21]} Bd6 {[%clk 1:24:31]} 5. Nc3 {[%clk 1:17:43]} O-O
{[%clk 1:22:50]} 6. a3 {[%clk 1:15:12]} c6 {[%clk 1:18:33]} 7. Bd3
{[%clk 1:11:05]} Nbd7 {[%clk 1:16:30]} 8. O-O {[%clk 1:10:25]} h6
{[%clk 1:04:39]} 9. h3 {[%clk 1:02:19]} Re8 {[%clk 1:01:29]} 10. Qc2
{[%clk 0:58:28]} e5 {[%clk 0:59:03]} 11. cxd5 {[%clk 0:58:05]} cxd5
{[%clk 0:58:41]} 12. Nb5 {[%clk 0:56:29]} Bb8 {[%clk 0:59:01]} 13. dxe5
{[%clk 0:56:22]} Nxe5 {[%clk 0:58:59]} 14. Nxe5 {[%clk 0:41:59]} Rxe5
{[%clk 0:50:17]} 15. Bd2 {[%clk 0:26:25]} Ne4 {[%clk 0:49:27]} 16. Ba5
{[%clk 0:25:53]} b6 {[%clk 0:35:09]} 17. f4 {[%clk 0:22:33]} Re6 {[%clk 0:29:07]}
18. Bb4 {[%clk 0:19:56]} a5 {[%clk 0:18:58]} 19. Bd2 {[%clk 0:16:23]} Ba6
{[%clk 0:18:43]} 20. Nd4 {[%clk 0:15:53]} Bxd3 {[%clk 0:18:24]} 21. Qxd3
{[%clk 0:14:37]} Rg6 {[%clk 0:15:01]} 22. Rac1 {[%clk 0:09:50]} Qd7
{[%clk 0:15:09]} 23. Kh2 {[%clk 0:08:24]} Bd6 {[%clk 0:13:31]} 24. Rc2
{[%clk 0:04:12]} Re8 25. b4 {[%clk 0:04:40]} axb4 {[%clk 0:10:26]} 26. axb4
{[%clk 0:03:02]} Ra8 {[%clk 0:06:28]} 27. Rfc1 {[%clk 0:02:47]} Ra4 28. Be1 Kh7
{[%clk 0:05:52]} 29. Qb3 {[%clk 0:00:56]} Ra8 {[%clk 0:04:38]} 30. Kh1
{[%clk 0:01:04]} Qb7 {[%clk 0:02:42]} 31. Rc6 {[%clk 0:01:02]} Qa6
{[%clk 0:03:11]} 32. b5 {[%clk 0:00:48]} Qa2 {[%clk 0:03:35]} 33. Qxa2
{[%clk 0:00:41]} Rxa2 {[%clk 0:04:02]} 34. R6c2 {[%clk 0:00:35]} Ra3
{[%clk 0:03:43]} 35. Re2 {[%clk 0:00:35]} Bc5 {[%clk 0:03:58]} 36. Rd1
{[%clk 0:00:52]} Rd6 {[%clk 0:03:38]} 37. Kh2 {[%clk 0:00:36]} Rd7
{[%clk 0:03:32]} 38. g3 {[%clk 0:00:44]} Rda7 {[%clk 0:03:34]} 39. Kg2
{[%clk 0:00:46]} Ra1 {[%clk 0:03:45]} 40. Rd3 {[%clk 0:00:38]} R7a3
{[%clk 0:01:58]} 41. Nb3 {[%clk 0:00:58]} Bf8 {[%clk 0:01:48]} 42. Kf3
{[%clk 0:01:06]} Rb1 {[%clk 0:01:44]} 43. Rxd5 {[%clk 0:00:56]} Nf6
{[%clk 0:02:12]} 44. Rd8 {[%clk 0:00:38]} Be7 {[%clk 0:02:38]} 45. Nd2
{[%clk 0:00:34]} Rxe1 {[%clk 0:03:03]} 46. Ke4 0-1